000 00382nam a2200157Ia 4500
008 151213s9999 xx 000 0 und d
100 _aD. M. Lambert
245 _aStrategic Logistic Management
_cD. M. Lambert
250 _a3rd
260 _aBoston
_bIrwin
_c1993
300 _a2681 p.
650 _aManagement
650 _aManagement
700 _aD. M. Lambert
999 _c1793
_d1793